| 000 | 01446cam a2200349 i 4500 | ||
|---|---|---|---|
| 003 | SA-RiAUC | ||
| 005 | 20241017071120.0 | ||
| 008 | 241016s2015 ku g b f000r0 ara c | ||
| 020 | _a9789996654008 | ||
| 040 |
_aKW-KwMAI _bara _erda |
||
| 082 | 0 | 4 |
_a251 _qSA-RiAUC |
| 090 |
_a251 _bص ب ر |
||
| 100 | 1 |
_aصبري، مسعود _eمؤلف. |
|
| 245 | 1 | 0 |
_aمعالم منهجية في تجديد خطاب الفقه وأصوله / _cمسعود صبري. |
| 250 | _aالطبعة الأولى. | ||
| 264 | 1 |
_aالصفاة، الكويت : _bوزارة الأوقاف والشؤون الإسلامية، قطاع الشؤون الثقافية، إدارة الثقافة الإسلامية، _c2015 |
|
| 300 |
_a118 صفحة ؛ _c24 سم. |
||
| 336 |
_aنص _btxt _2rdacontent _3كتاب |
||
| 337 |
_aبدون وسيط _bn _2rdamedia |
||
| 338 |
_aمجلد _bnc _2rdacarrier |
||
| 490 | 1 |
_aروافد. _aمراجعات ؛ _v85 |
|
| 500 | _aالإخراج الفني : محمود محمد أبو الفضل. | ||
| 504 | _aببليوجرافية : صفحة 113-118. | ||
| 504 | _aيشتمل على إرجاعات ببليوجرافية. | ||
| 506 | 0 | _aيهدى ولا يباع. | |
| 520 | 0 | _aأصول الفقه الإسلامي. | |
| 650 | 7 |
_aأصول الفقه الإسلامي _2aucsh |
|
| 830 | 0 |
_aروافد. _pمراجعات _v85 |
|
| 856 | 4 | _uBOOKS/161 | |
| 942 |
_2ddc _cBOOK _n0 |
||
| 949 |
_aSA-JeALM _d241016 _umohamedma123 _n1 |
||
| 999 |
_c1441 _d1441 |
||